Stem Cells In Regenerative Medicine : (Record no. 598565)

MARC details
000 -LEADER
fixed length control field 00453nam a2200181 a 4500
008 - FIXED-LENGTH DATA ELEMENTS--GENERAL INFORMATION
fixed length control field 251124s2009##################000#0#eng##
020 ## - INTERNATIONAL STANDARD BOOK NUMBER
ISBN 9788184892673
082 04 - DEWEY DECIMAL CLASSIFICATION NUMBER
Classification number 616.0277
Item number AUD
100 1# - MAIN ENTRY--AUTHOR NAME
Personal name Audet,
245 10 - TITLE STATEMENT
Title Stem Cells In Regenerative Medicine :
260 ## - PUBLICATION, DISTRIBUTION, ETC. (IMPRINT)
Year of publication 2009.
300 ## - PHYSICAL DESCRIPTION
Number of Pages 458 pages
942 ## - ADDED ENTRY ELEMENTS (KOHA)
Koha item type English Books
Holdings
Withdrawn status Lost status Damaged status Not for loan Home library Current library Shelving location Date acquired Full call number Accession Number Price effective from Koha item type
        Anna Centenary Library Anna Centenary Library 5TH FLOOR, B WING 24.11.2025 616.0277 AUD 325471 24.11.2025 English Books

Find us on the map